Random Fictional Character MegaQuiz - Statistics

General Stats
  • This quiz has been taken 63 times
    43 since last reset
  • The average score is 14 of 20
Answer Stats
Clue Character % Correct
Legendary Greek hero of the Trojan War with only one weak spot Achilles
100%
Boy who finds a genie in a lamp and wishes for love Aladdin
100%
Thief who discovers a bandit’s treasure cave by uttering “Open Sesame” Ali Baba
100%
Mischievous red-clad chipmunk who leads a trio Alvin
100%
Optimistic princess who endures trials to save her sister Elsa Anna
100%
Kwik-E-Mart owner on The Simpsons Apu Nahasapeemapetilon
100%
Mermaid who dreams of life on land Ariel
100%
Leather-jacketed cool guy from Happy Days Arthur Fonzarelli
100%
Trainer from Pallet Town aiming to be Pokémon Master Ash Ketchum
100%
Black panther who mentors and protects Mowgli Bagheera
100%
Easygoing bear who teaches the “bare necessities” to Mowgli Baloo
100%
Cynical misanthrope who owns titular hotel in Torquay Basil Fawlty
100%
Caped Crusader of Gotham, billionaire Bruce Wayne in disguise Batman
100%
Crude, booze-powered robot from Futurama Bender
100%
Mythic hero who slays the monster Grendel Beowulf
100%
Male duo who share a room on Sesame Street Bert and Ernie
100%
Cartoon flapper with curls, lashes, and jazz sass Betty Boop
100%
8-foot-tall yellow bird on Sesame Street Big Bird
100%
Reluctant hobbit who encounters Smaug and acquires the One Ring Bilbo Baggins
100%
Immature man repeating grade school to inherit fortune Billy Madison
100%
Wakandan king in a vibranium cat suit Black Panther
100%
Mandalorian bounty hunter with jetpack hunting the Millennium Falcon Boba Fett
100%
Oblivious Kazakh reporter on absurd American journey Borat
100%
British diarist balancing wine, work, and romance Bridget Jones
100%
California teen chosen to slay vampires nightly Buffy Summers
100%
Wise-cracking gray rabbit who asks “What’s up, doc?” Bugs Bunny
100%
Space Ranger action figure who initially thinks he’s a real pilot Buzz Lightyear
100%
Fretful golden protocol droid fluent in millions of languages C-3PO
100%
Obsessed captain hunting the white whale Captain Ahab
100%
Super-soldier with indestructible shield who leads the Avengers Captain America
100%
One-handed pirate captain, Peter Pan's archenemy Captain Hook
100%
Submarine captain of the Nautilus Captain Nemo
100%
Eco-superhero summoned by five rings Captain Planet
100%
Friendly ghost Casper
100%
Cat burglar Selina Kyle who is both foe and love-interest of Batman Catwoman
100%
Loveable loser kid with friends Linus and Peppermint Patty Charlie Brown
100%
Patriarch of The Cosby Show Cliff Huxtable
100%
Eccentric neighbor on Seinfeld Cosmo Kramer
100%
Fur-obsessed villain who steals Dalmatian puppies Cruella de Vil
100%
Mother of dragons, breaker of chains Daenerys Targaryen
100%
Masked Sith Lord who was once Anakin Skywalker Darth Vader
100%
Dim model famous for “Blue Steel” Derek Zoolander
100%
Forensic analyst who moonlights as a serial killer Dexter Morgan
100%
Purple-masked tech wizard Ninja Turtle who fights with a bo staff Donatello
100%
Barrel-throwing gorilla and Nintendo icon Donkey Kong
100%
Kansas girl whisked away to Oz by tornado Dorothy Gale
100%
Forgetful blue tang fish who helps Marlin search for Nemo Dory
100%
Brooding vampire who sparkles in sunlight Edward Cullen
100%
Telekinetic girl who escapes a lab in Stranger Things Eleven
100%
Ogre princess who falls in love with Shrek Fiona
100%
Mad scientist who reanimates his man-made creature with electricity Frankenstein
100%
Burn victim dream killer with a bladed glove Freddy Krueger
100%
Hobbit of the Shire who bears the burden of the One Ring Frodo Baggins
100%
Jolly snowman brought to life by a magic hat Frosty the Snowman
100%
Grey wizard who guides the Fellowship of the Ring against Sauron Gandalf
100%
Lazy orange tabby cat with a love of lasagna and disdain for Mondays Garfield
100%
Spiky-haired Saiyan warrior who trains to ever greater heights Goku
100%
Curious girl who tests porridge, chairs, and beds in a house of three bears Goldilocks
100%
Mickey's friend, a tall dog with distinct laugh and clumsy nature Goofy
100%
Silent, intelligent dog partner to Wallace Gromit
100%
Gruff-sounding supervillain turned loving dad, with flock of yellow minions Gru
100%
Calm-voiced AI computer in 2001 HAL 9000
100%
Teen pop star living a secret double life Hannah Montana
100%
Wily smuggler of the Millennium Falcon who joins the Rebellion Han Solo
100%
Hard-edged San Francisco cop who loves big guns Harry Callahan
100%
Young wizard with a lightning-shaped scar on his forehead Harry Potter
100%
Master archer Clint Barton of the Avengers Hawkeye
100%
Fastidious Belgian detective with a neat moustache Hercule Poirot
100%
Sardonic tiger who’s best friends with Calvin Hobbes
100%
Lovable oaf father of Springfield, known for “D’oh!” and donuts Homer Simpson
100%
Green-skinned powerhouse whose strength grows with anger Hulk
100%
Mythic flyer who soared too close to the sun Icarus
100%
Globetrotting archaeologist with a fedora and bullwhip Indiana Jones
100%
50-foot-tall metal-eating robot from space who befriends a boy Iron Giant
100%
Genius billionaire in a powered armor suit that can fly and shoot beams Iron Man
100%
Hyperactive blue mouse who torments Scratchy on TV Itchy
100%
Slimy gangster who enslaves Princess Leia Jabba the Hutt
100%
Pumpkin King of Halloween Town who tries to take over Christmas Jack Skellington
100%
Eccentric dreadlocked pirate captain who is obsessed with rum Jack Sparrow
100%
Suave British spy with a license to kill James Bond
100%
Clumsy Gungan sidekick despised by many fans Jar Jar Binks
100%
Tiny brown mouse who cleverly outwits Tom the cat Jerry Mouse
100%
Tragic killer who tests victims with deadly puzzles Jigsaw
100%
Insect who tells Pinocchio to let conscience be his guide Jiminy Cricket
100%
Tragic star-crossed lover from the Capulet family Juliet
100%
Archer heroine who volunteers for deadly games to save her sister Katniss Everdeen
100%
Green frog Muppet who hosts a variety show, sings “Rainbow Connection” Kermit the Frog
100%
Crime lord who suspect Verbal Kint is interrogated about Keyser Söze
100%
Enormous giant ape brought from Skull Island to New York City King Kong
100%
Jaded TV clown from The Simpsons Krusty the Clown
100%
Loyal collie who always saves the day Lassie
100%
Blue-masked Ninja Turtle who wields katanas and leads the team Leonardo
100%
Hotshot red racecar who learns about friendship in a sleepy desert town Lightning McQueen
100%
Hawaiian girl who befriends an alien named Stitch Lilo
100%
Intelligent eight-year-old saxophonist and environmentalist on The Simpsons Lisa Simpson
100%
Girl in a red cape who encounters a wolf in the forest Little Red Riding Hood
100%
Trickster god of mischief known for shape-shifting Loki
100%
Mario’s taller, green-clad brother Luigi
100%
Charming candelabra who sings “Be Our Guest” Lumière
100%
Baby of the Simpson family who sucks on a pacifier Maggie Simpson
100%
Oversized Great Dane who causes cheerful chaos in comic strip Marmaduke
100%
Teenager who travels to 1955 in a DeLorean Marty McFly
100%
Magical nanny with an umbrella and a song Mary Poppins
100%
Snake-haired Gorgon whose gaze can turn people to stone Medusa
100%
Ruthless leader of the Decepticons, archenemy of Optimus Megatron
100%
Scottish princess archer who defies tradition Merida
100%
Wise wizard and counselor to King Arthur, often depicted with a long beard Merlin
100%
Pizza-loving Ninja Turtle with orange mask and nunchaku Michelangelo
100%
Iconic cartoon mouse with large circular ears from Steamboat Willie Mickey Mouse
100%
Tiny caped rodent superhero who saves the day in song Mighty Mouse
100%
Stern Hogwarts professor who transforms into a cat Minerva McGonagall
100%
Mickey’s girlfriend, a polka-dotted-dress wearing mouse Minnie Mouse
100%
Brave Polynesian teenager who sails the ocean to restore her people’s heart Moana
100%
Straw-hat pirate captain who stretches like rubber after eating magic fruit Monkey D. Luffy
100%
Noble lion king who teaches his son about legacy Mufasa
100%
Brave woman who disguises herself as a soldier Mulan
100%
Lioness who becomes Simba’s queen Nala
100%
Overly cheerful Christian neighbor from The Simpsons Ned Flanders
100%
Young clownfish who gets captured, prompting a cross-ocean rescue Nemo
100%
Eyepatched leader who assembles the Avengers Nick Fury
100%
Shy motel owner with a murderous alter ego Norman Bates
100%
Giant Gaul who fell into a magic potion as a child Obelix
100%
One-eyed allfather of the Norse gods Odin
100%
Talking snowman created by Elsa’s magic who dreams of summer Olaf
100%
Popeye’s lanky, long-suffering sweetheart Olive Oyl
100%
Leader of the Autobots who can transform into a semi truck Optimus Prime
100%
Trash can-dwelling grump from Sesame Street Oscar the Grouch
100%
Rock-loving school bus driver from The Simpsons Otto Mann
100%
Yellow disk that eats dots in a maze while being chased by ghosts Pac-Man
100%
Queen turned senator and mother of Luke and Leia Padmé Amidala
100%
Naive pink starfish who is SpongeBob’s best friend Patrick Star
100%
Giant lumberjack with a blue ox named Babe Paul Bunyan
100%
Gotham City crime boss Oswald Cobblepot who carries an umbrella Penguin
100%
Trans-dimensional entity who preys upon the children of Derry, Maine Pennywise
100%
Cheeky little pig who loves jumping in muddy puddles with her family Peppa Pig
100%
Tony Stark’s brilliant assistant and love interest Pepper Potts
100%
Modern demigod son of Poseidon Percy Jackson
100%
Teen who becomes Spider-Man Peter Parker
100%
Traveler who circled the world in eighty days Phileas Fogg
100%
Electric Pokémon and Ash’s loyal companion; says only its name Pikachu
100%
Wooden puppet whose nose grows when he lies Pinocchio
100%
Mickey’s loyal pet dog, yellow-orange with a green collar Pluto
100%
Big lovable panda trained in kung fu who is always hungry Po
100%
Spinach-eating sailor with massive forearms Popeye
100%
Rebel leader with cinnamon bun hair, the twin sister of Luke Princess Leia
100%
Princess of Hyrule who aids Link in defeating evil Princess Zelda
100%
Hunchbacked bell ringer of Notre Dame Cathedral Quasimodo
100%
Jedi master who discovered Anakin Skywalker Qui-Gon Jinn
100%
Cynical nightclub owner in wartime Casablanca Rick Blaine
100%
The Boy Wonder, faithful sidekick to Batman Robin
100%
Outlaw archer who “steals from the rich to give to the poor” Robin Hood
100%
Cyborg police officer enforcing justice in Detroit RoboCop
100%
Underdog boxer who rises to world champion Rocky Balboa
100%
Zany cartoon bunny framed for murder Roger Rabbit
100%
Montague family member doomed by family feud Romeo
100%
Arrogant 1970s news anchor with a glorious mustache Ron Burgundy
100%
Harry’s loyal red-haired wizard friend who often provides comic relief Ron Weasley
100%
Gentle half-giant Hogwarts gamekeeper with love for magical creatures Rubeus Hagrid
100%
Red-nosed reindeer who saves Christmas Eve Rudolph
100%
Dark Lord whose eye watches over Mordor Sauron
100%
Wealthy duck swimming in his money bin Scrooge McDuck
100%
Red crab who lives under the sea Sebastian
100%
Anxious, perpetually hungry friend of Scooby-Doo who says "Zoinks!" Shaggy
100%
Fearsome Bengal tiger who wants to hunt the man-cub Mowgli Shere Khan
100%
Grumpy green ogre who speaks in Scottish accent Shrek
100%
Always-hungry green ghost who leaves ectoplasmic goo everywhere Slimer
100%
Only female Smurf in the village Smurfette
100%
Princess who befriends seven dwarfs Snow White
100%
Blue hedgehog who runs at supersonic speeds Sonic the Hedgehog
100%
Teenage hero who gains powers from a radioactive arachnid Spider-Man
100%
Wise rat sensei who trained the Ninja Turtles Splinter
100%
Level-headed central character from South Park Stan Marsh
100%
Nerdy neighbor who asks, “Did I do that?” Steve Urkel
100%
Blue alien experiment who thinks chaos is fun, befriended by a Hawaiian girl Stitch
100%
Kryptonian with super strength, flight, and heat vision Superman
100%
Barber who murders clients and bakes them into pies Sweeney Todd
100%
Shape-shifting liquid metal assassin sent by Skynet T-1000
100%
Jungle man raised by apes who swings on vines Tarzan
100%
Titan seeking to snap half the universe away Thanos
100%
Time-traveling alien with a British accent; regenerates into new forms The Doctor
100%
Laid-back bowler who abides The Dude
100%
Cackling glider-riding nemesis of Spider-Man The Green Goblin
100%
Disfigured musical genius haunting an opera house, hiding behind a half-mask The Phantom
100%
Musician who lured rats—and children—away The Pied Piper
100%
Batman villain obsessed with puzzles and question marks The Riddler
100%
Indestructible cyborg assassin sent back in time to kill Sarah Connor The Terminator
100%
Hardworking waitress who kisses a frog prince Tiana
100%
Accident-prone handyman from Home Improvement Tim Taylor
100%
Sickly child who says “God bless us, everyone!” Tiny Tim
100%
Mario character with a mushroom head...or is it a hat? Toad
100%
Blue-gray housecat who endlessly chases Jerry the mouse Tom Cat
100%
Mischievous boy who tricks others into whitewashing a fence Tom Sawyer
100%
Magical fairy who trades money for a children's lost teeth Tooth Fairy
100%
Charismatic anarchist who starts an underground fight club Tyler Durden
100%
Sea witch who steals Ariel’s voice Ursula
100%
Striped-shirt traveler with bobble hat, hidden in crowded scenes Waldo / Wally
100%
Lonely robot cleaning up a deserted Earth WALL-E
100%
High school chemistry teacher turned meth-cooking drug lord Walter White
100%
Greedy, garlic-loving antithesis of Mario Wario
100%
Morbid daughter of the Addams Family Wednesday
100%
Desert predator who never catches the Roadrunner Wile E. Coyote
100%
Eccentric chocolatier who hides golden tickets Willy Wonka
100%
Volleyball companion lost with Tom Hanks on an island Wilson
100%
Affable yellow bear who loves honey and lives in the Hundred Acre Wood Winnie the Pooh
100%
Wise little green Jedi Master with unusual speech patterns Yoda
100%
Picnic basket-stealing bear from Jellystone Park Yogi Bear
100%
Green dinosaur who helps Mario on adventures Yoshi
100%
Masked vigilante with sword who defends the downtrodden in colonial California Zorro
100%
Charismatic cannibalistic psychiatrist who helps catch criminals Hannibal Lecter
80%
Red echidna who guards the Master Emerald Knuckles
75%
Uses a cursed notebook to enact his sense of justice Light Yagami
75%
Orphan who dared to ask for more Oliver Twist
75%
Loyal hobbit gardener who accompanies Frodo to Mount Doom Samwise Gamgee
75%
Miserable shoe salesman from Chicago...with children Al Bundy
67%
Wise and powerful headmaster of Hogwarts who mentors Harry Albus Dumbledore
67%
Orphaned deer with rabbit and skunk friends Bambi
67%
Kind-hearted book-loving girl who befriends a cursed prince Belle
67%
Aussie bushman with a big knife Crocodile Dundee
67%
Hockey player turned explosive golf champion Happy Gilmore
67%
Horned demon who punishes naughty children at Christmas Krampus
67%
Disguised father posing as a British nanny Mrs. Doubtfire
67%
Hamlet’s tragic lover who drowns in madness Ophelia
67%
Pizza delivery boy frozen for a thousand years Philip J. Fry
67%
Rat who dreams of becoming a French chef Remy
67%
Barry Allen, the fastest man alive The Flash
67%
Rock-loving slacker with cable access show Wayne Campbell
67%
Cowboy pull-string doll who leads Andy’s toys Woody
67%
Eccentric pet detective with wild hair and louder shirts Ace Ventura
50%
First flashy heavyweight champ who fought Rocky Balboa Apollo Creed
50%
Early manga hero: boy robot with jet boots and kind heart Astro Boy
50%
The A-Team's mechanic with African Mandinka warrior hairstyle B.A. Baracus
50%
Bully who is the archrival of George McFly and Marty McFly Biff Tannen
50%
Self-destructive sitcom star who is literally a horse BoJack Horseman
50%
Fire-breathing Koopa King who repeatedly kidnaps Princess Peach Bowser
50%
Griffin family's martini-drinking talking dog Brian
50%
Loyal yellow Transformer who communicates through radio Bumblebee
50%
Imaginative boy with tiger friend Calvin
50%
Dashing Enterprise commander who had TV's first interracial kiss Captain Kirk
50%
Preppy dancer from Fresh Prince Carlton Banks
50%
Grinning vanisher of Wonderland Cheshire Cat
50%
Sword-swinging Cimmerian warrior Conan the Barbarian
50%
Emotionless android officer from Star Trek: TNG Data
50%
Sarcastic schemer across English history Edmund Blackadder
50%
Space officer who battles a chest-bursting alien aboard the Nostromo Ellen Ripley
50%
Prideful gentleman who falls for Elizabeth Bennet Fitzwilliam Darcy
50%
Dwarf warrior of the Fellowship Gimli
50%
Walter White’s ex-student partner in crime who often says “yo” and “bitch” Jesse Pinkman
50%
Lovable actor who always asks “How you doin’?” Joey Tribbiani
50%
Wrathful villain who battles Captain Kirk Khan
50%
Pink, round hero who can inhale enemies and copy their abilities Kirby
50%
Dreamy Ravenclaw who sees invisible creatures Luna Lovegood
50%
Evil fairy who curses Princess Aurora to eternal sleep Maleficent
50%
Small yellow henchmen (Kevin, Stuart, Bob) who speak gibberish Minions
50%
Friend who is competitive chef obsessed with cleaning and control Monica Geller
50%
Goofy yellow dog who is, at times, Garfield's friend Odie
50%
Flatulent warthog who befriends Simba in the jungle Pumbaa
50%
Girl with extremely long hair who is kept in a tall tower Rapunzel
50%
Defoe's shipwrecked sailor surviving alone on an island Robinson Crusoe
50%
Consulting detective at 221B Baker Street; famously wears a deerstalker hat Sherlock Holmes
50%
Goddess of love and beauty from Roman myth Venus
50%
Powerful android Avenger created from an Infinity Stone Vision
50%
Marvel's day-walking vampire hunter with silver and sunglasses Blade
33%
Witty heroine of Pride and Prejudice who clashes with Mr. Darcy Elizabeth Bennet
33%
Early animated black cat with a magic bag Felix the Cat
33%
Muscular defender of Castle Grayskull with a magic sword He-Man
33%
Alienated teenager critical of the “phonies” in society Holden Caulfield
33%
Elven archer and member of the Fellowship Legolas
33%
Irish fishmonger immortalized in a famous song Molly Malone
33%
Quirky musician on Friends who composes "Smelly Cat" Phoebe Buffay
33%
Klingon officer who serves aboard the Enterprise Worf
33%
Atticus Finch's reclusive neighbor rumored to be a monster Boo Radley
25%
Cuban bandleader married to Lucy on TV Ricky Ricardo
25%
Warrior princess with a battle cry and chakram Xena
25%
Curious girl who falls down a rabbit hole into a whimsical, topsy-turvy world Alice
0%
African folklore: cunning spider-trickster Anansi
0%
Banker wrongfully imprisoned at Shawshank Andy Dufresne
0%
Avenger who can shrink to insect size Ant-Man
0%
Olympian god of archery, music, light, poetry, and more Apollo
0%
Justice League's King of Atlantis who can communicate with sea life Aquaman
0%
The Fellowship's ranger-turned-king of Gondor Aragorn
0%
Animated aardvark who lives in Elwood City in long-running series Arthur
0%
Lion Christ-figure of Narnia Aslan
0%
French Gaul with a magic potion Asterix
0%
Noble lawyer of To Kill a Mockingbird Atticus Finch
0%
Princess cursed to sleep until true love’s kiss Aurora
0%
International Man of Mystery who is groovy British spy parody Austin Powers
0%
Iconic fashion doll known for many careers and pink style Barbie
0%
Mischievous skateboarding boy known to say “Eat my shorts!” Bart Simpson
0%
Cursed prince turned fearsome creature, who learns love Beast
0%
Sleazy bio-exorcist ghost who loves being called thrice Beetlejuice
0%
Teen who falls for a sparkly vampire Bella Swan
0%
Highly skilled spy and martial artist Natasha Romanoff Black Widow
0%
Energetic blue heeler puppy from Australia Bluey
0%
Fame-hungry Austrian fashion reporter from Borat creator Brüno
0%
Dim-witted moose in pun-filled cartoon duo Bullwinkle J. Moose
0%
Cosmo-sipping columnist writing about sex and the city Carrie Bradshaw
0%
Sarcastic friend on Friends who is roommates with Joey Chandler Bing
0%
Boy who visits Wily Wonka's chocolate factory with his grandfather Charlie Bucket
0%
Fire-type starter Pokémon Charmander
0%
Loyal Wookiee co-pilot of the Millennium Falcon Chewbacca
0%
Panicky bird who cries sky-fall Chicken Little
0%
Rescue Ranger or teacup, take your pick Chip
0%
Killer Good Guy doll possessed by murderer Charles Lee Ray Chucky
0%
Young woman whose fairy godmother sends her to a royal ball Cinderella
0%
FBI trainee who questions Lecter and hunts Buffalo Bill Clarice Starling
0%
Superman’s mild-mannered alias Clark Kent
0%
Rogue officer in the jungle of Southeast Asia Colonel Kurtz
0%
Blue puppet named after the food he loves most Cookie Monster
0%
Hairy relative from The Addams Family Cousin Itt
0%
Tentacled cosmic god of madness beneath the sea Cthulhu
0%
X-Man who fires optic blasts from his visor Cyclops
0%
Zany black duck with lisp who often competes with Bugs Bunny Daffy Duck
0%
Donald’s girlfriend, often seen wearing a bow and heels Daisy Duck
0%
Southern beauty in short shorts and fast cars Daisy Duke
0%
Karate underdog trained by Mr. Miyagi Daniel LaRusso
0%
Blind lawyer Matt Murdock who fights crime in Hell’s Kitchen Daredevil
0%
Wisecracking, 4th-wall-breaking, superhealing antihero Deadpool
0%
Tarantino's freed slave turned gunslinging bounty hunter Django
0%
Short-tempered anthropomorphic duck who wears a sailor shirt and cap Donald Duck
0%
Suave ad man on Mad Men Don Draper
0%
Delusional knight who tilts at windmills Don Quixote
0%
Blue robotic cat from the future with a 4D pocket of magical gadgets Doraemon
0%
Arrogant Slytherin rival of Harry Potter Draco Malfoy
0%
Vampire count from Transylvania who walks by night and drinks blood Dracula
0%
Dopey Canadian Mountie who always saves the day Dudley Do-Right
0%
Elephant whose oversized ears let him fly Dumbo
0%
Assistant at Dunder Mifflin who also farms beets Dwight Schrute
0%
Miser visited by three ghosts on Christmas Eve Ebenezer Scrooge
0%
Hunter forever chasing “wabbits” Elmer Fudd
0%
Red Sesame Street monster with falsetto voice who speaks in third person Elmo
0%
Queen who accidentally curses her kingdom with eternal winter Elsa
0%
Eccentric scientist who invents a time machine out of a Delorian Emmett "Doc" Brown
0%
Scheming, overweight South Park troublemaker Eric Cartman
0%
Friendly alien stranded on Earth who befriends a boy and must phone home E.T.
0%
Chicago teen who masters the art of skipping school Ferris Bueller
0%
Nervous fish friend of Ariel in The Little Mermaid Flounder
0%
Loudmouthed Southern rooster who loves to talk big Foghorn Leghorn
0%
Simple man who unknowingly shapes American history Forrest Gump
0%
Stand-up comic bear with endless bad jokes Fozzie Bear
0%
Pompous radio shrink with refined tastes Frasier Crane
0%
Prehistoric quarry worker with a stone-age car Fred Flintstone
0%
Incredibles superhero who freezes things and slides on ice Frozone
0%
Radiant elf queen wielding immense ancient wisdom Galadriel
0%
King of the Gerudo and main villain in The Legend of Zelda Ganondorf
0%
Evil wizard obsessed with catching the Smurfs Gargamel
0%
Arrogant hunter and town bully who courts Belle and fights the Beast Gaston
0%
Neurotic, bald schemer from Seinfeld George Costanza
0%
Lonely woodcarver who builds Pinocchio Geppetto
0%
Gigantic prehistoric sea monster awakened by nuclear radiation Godzilla
0%
Hunched creature who calls the One Ring “my precious” Gollum
0%
Interdimensional destroyer summoned by the Keymaster and Gatekeeper Gozer
0%
Hooded vigilante archer from DC Comics Green Arrow
0%
Wields a power ring that can create any object the wearer imagines Green Lantern
0%
Tree-like Guardian who only says three words Groot
0%
Green clay hero with a flexible body Gumby
0%
God of the Underworld in Greek myth Hades
0%
Siblings who escape a witch’s gingerbread house in the forest Hansel and Gretel
0%
Elegant West German thief who takes over Nakatomi Plaza Hans Gruber
0%
Joker’s chaotic psychiatrist-turned-partner in crime Harley Quinn
0%
Mouth-less white cat with a red bow; icon of “kawaii” culture Hello Kitty
0%
Super-strong Greek demi-god who completed twelve nearly impossible tasks Hercules
0%
Muggle-born witch, Harry’s brainy best friend Hermione Granger
0%
Gentle giant who can only say his own name Hodor
0%
Seuss elephant who hears a tiny world on a clover Horton
0%
Free-spirited boy who floats down the Mississippi River with a runaway slave Huckleberry Finn
0%
Sarcastic red parrot sidekick to Jafar Iago
0%
Mutant who has the power to freeze water Iceman
0%
Encounters the Headless Horseman in Sleepy Hollow Ichabod Crane
0%
Hunchbacked assistant to mad scientists everywhere Igor
0%
Spanish swordsman avenging his father’s death Inigo Montoya
0%
Russian boxer who vows to break Rocky Ivan Drago
0%
Personification of winter who nips at noses Jack Frost
0%
Native American werewolf fighting for Bella's love Jacob Black
0%
Bumbling French detective from The Pink Panther Jacques Clouseau
0%
Princess who falls for a street thief with a magic lamp Jasmine
0%
Amnesiac assassin hunted by his own agency Jason Bourne
0%
Hockey-masked killer from Friday the 13th Jason Voorhees
0%
Wealthy dreamer on Long Island who pines for a lost love Jay Gatsby
0%
Diplomatic starship captain who loves Earl Grey Jean-Luc Picard
0%
Perfectly polite butler who saves his foolish master Jeeves
0%
Sultry toon singer married to Roger Rabbit Jessica Rabbit
0%
Sadistic boy-king from Game of Thrones Joffrey Baratheon
0%
Tough NYPD officer who battles terrorists in a skyscraper while barefoot John McClane
0%
Retired hitman avenging his murdered dog John Wick
0%
Doll who is Barbie’s long-time boyfriend Ken
0%
Kid who defends his home from the Wet Bandits using wild traps Kevin McCallister
0%
Boy king who drew Excalibur from a stone King Arthur
0%
Tragic Shakespeare king undone by his three daughters King Lear
0%
Brain-like alien inside a giant robot body Krang
0%
Smooth gambler turned Rebel general from Star Wars Lando Calrissian
0%
British archaeologist who explores tombs with her dual pistols Lara Croft
0%
Traveler who visits lands of giants and tiny people Lemuel Gulliver
0%
Genius businessman who is Superman’s archenemy Lex Luthor
0%
Hero of Hyrule, a green-clad elf boy wielding a sword and shield Link
0%
Tattooed hacker seeking revenge and justice Lisbeth Salander
0%
Harry's dumb but sweet road-trip buddy from Dumb and Dumber Lloyd Christmas
0%
Fearless reporter who loves Superman Lois Lane
0%
Treasure-hunting pirate with peg leg and pirate named Captain Flint Long John Silver
0%
Mustached creature who speaks for the trees Lorax
0%
Dark wizard of horcruxes whose name must not be spoken Lord Voldemort
0%
Farm boy of Tatooine turned Jedi Knight who helps fight the Empire Luke Skywalker
0%
Outspoken grandmother played by Tyler Perry Madea Simmons
0%
Powerful mutant who controls magnetism Magneto
0%
Blue-haired matriarch of the Simpsons family Marge Simpson
0%
Italian plumber who jumps and grows from mushrooms Mario
0%
Halo's Spartan super-soldier, Petty Officer John-117 Master Chief
0%
Trickster demigod who slows the sun and fishes islands from the ocean Maui
0%
Callsign of fighter pilot Peter Mitchell, who has the need for speed Maverick
0%
Trench-coated hound who says “Take a bite out of crime” McGruff the Crime Dog
0%
Silent masked killer from Halloween Michael Myers
0%
Regional manager of the Dunder Mifflin Scranton branch Michael Scott
0%
Nerdy blue-haired best friend of Bart Simpson Milhouse Van Houten
0%
Elderly spinster sleuth from St. Mary Mead who solves village murders Miss Marple
0%
Stretchy leader of the Fantastic Four Mister Fantastic
0%
Fuzzy creature that becomes a Gremlin if fed after midnight Mogwai
0%
Marvel's tragic scientist turned vampire antihero Morbius
0%
Mentor who frees Neo from the Matrix illusion Morpheus
0%
Nervous teen sidekick to his mad scientist grandpa Morty Smith
0%
Jungle boy raised by wolves and befriended by bears Mowgli
0%
Silent English bumbler with teddy bear known for facial expressions Mr. Bean
0%
Awkward Idaho teen who dances his way to glory Napoleon Dynamite
0%
Energetic ninja teen who wants to be Hokage; sports whisker marks Naruto Uzumaki
0%
Hacker Thomas Anderson, who learns he is “The One” Neo
0%
Clumsy Gryffindor student, talented in herbology, who grows into a hero Neville Longbottom
0%
Jedi Knight who mentors both Anakin and, later, Luke Obi-Wan Kenobi
0%
Hat-throwing henchman from Goldfinger Oddjob
0%
Cunning Greek hero who journeyed home from Troy Odysseus / Ulysses
0%
Orange factory worker who sings moral lessons Oompa Loompa
0%
Mythic hunter with belt placed among the stars Orion
0%
Egyptian god of death and resurrection Osiris
0%
The Moor of Venice, a noble general destroyed by jealousy and deceit Othello
0%
Polite bear from Peru who lives in London and loves marmalade Paddington Bear
0%
Winged horse born from Medusa’s blood Pegasus
0%
Romantic skunk who mistakes cats for skunks Pepé Le Pew
0%
Boy who never grows up in Neverland Peter Pan
0%
Mischievous young rabbit who sneaks into Mr. McGregor’s garden Peter Rabbit
0%
Tiny timid pig who is Pooh’s best friend Piglet
0%
Wordless pink cartoon cat with jazzy music Pink Panther
0%
Freckled girl with super strength and wild braids Pippi Longstocking
0%
Stuttering cartoon pig who ends shows with “That’s all, folks!” Porky Pig
0%
Royalty of the Mushroom Kingdom often kidnapped by Bowser Princess Peach
0%
Paralyzed telepathic leader of the X-Men who runs a school for mutants Professor X
0%
Astromech droid who beeps, whistles, and sometimes rides in an X-wing R2-D2
0%
Friends character with a haircut named after her Rachel Green
0%
Lisa Simpson's classmate, a slow, sweet kid who speaks in non-sequiturs Ralph Wiggum
0%
Stan's overzealous father on South Park Randy Marsh
0%
Red-masked Ninja Turtle wielding twin sai weapons Raphael
0%
Charming rogue: “Frankly, my dear, I don’t give a damn” Rhett Butler
0%
Sheriff leading survivors of a zombie apocalypse Rick Grimes
0%
Fast bird who outsmarts Wile E. Coyote Roadrunner
0%
Young girl who transforms into a magical sailor warrior to fight evil Sailor Moon
0%
Loyal squire to Don Quixote’s delusions Sancho Panza
0%
Jolly man in red who delivers gifts to children around the world at Christmas Santa Claus
0%
Waitress turned warrior against killer machines Sarah Connor
0%
Corrupted white wizard serving Sauron Saruman
0%
Southern belle who survives the Civil War Scarlett O’Hara
0%
Talking Great Dane who solves mysteries with his teenage friends Scooby-Doo
0%
Potions Master at Hogwarts, seemingly villainous but perhaps not Severus Snape
0%
Armored ninja enemy of the Teenage Mutant Ninja Turtles Shredder
0%
Lion cub who just can't wait to be king Simba
0%
Sailor of the seven seas who braves monsters and storms Sinbad
0%
Doomed man forced to roll a boulder forever Sisyphus
0%
Greedy dragon guarding a mountain of gold Smaug
0%
Imaginative beagle who often pretends to be a World War I flying ace Snoopy
0%
Half-Vulcan science officer of the Enterprise, famous for logic and pointy ears Spock
0%
Cheerful sea sponge who lives in a pineapple under the sea SpongeBob SquarePants
0%
Diabolical baby genius from Family Guy Stewie Griffin
0%
Cryomancer ninja who freezes his opponents Sub-Zero
0%
Green recluse who steals Christmas from Whoville The Grinch
0%
Clown-faced psychopathic supervillain and arch-nemesis of Batman The Joker
0%
Enormous joyful mascot who sells canned vegetables The Jolly Green Giant
0%
Masked cowboy hero riding his horse Silver The Lone Ranger
0%
Eccentric tea-party host from Alice in Wonderland The Mad Hatter
0%
Orange rock-skinned member of the Fantastic Four Thing
0%
God of thunder who wields the magical hammer Mjölnir Thor
0%
Energetic rabbit friend of Bambi Thumper
0%
Energetic tiger with a springy tail who always bounces Tigger
0%
Wisecracking meerkat who teaches “Hakuna Matata” Timon
0%
Tiny feisty fairy companion to Peter Pan Tinker Bell
0%
Heart-seeking metal man from The Wizard of Oz Tin Man
0%
Intrepid young reporter traveling the world with Snowy Tintin
0%
Great Depression drifter from The Grapes of Wrath Tom Joad
0%
Cocaine kingpin from Cuba who yells “Say hello to my little friend!” Tony Montana
0%
Genius billionaire who becomes Iron Man Tony Stark
0%
Little dog who travels to Oz with Dorothy Toto
0%
Giant, gentle, gray forest spirit who rides a bus-shaped cat Totoro
0%
Taxi driver pushed to violent vigilante madness Travis Bickle
0%
Yellow canary who outsmarts Sylvester the cat Tweety
0%
Witty, wine-loving dwarf nobleman from Game of Thrones Tyrion
0%
Bald, eunuch, master of whisperers, nicknamed the Spider Varys
0%
Brainy mystery-solver who always loses her glasses Velma Dinkley
0%
Black alien symbiote who bonds with Spider-Man’s rival Venom
0%
Mafia patriarch who makes offers you can’t refuse Vito Corleone
0%
Girl who flies to Neverland and acts as a motherly figure to the Lost Boys Wendy Darling
0%
Always late, this nervous rodent leads Alice on her adventure White Rabbit
0%
Mutant with retractable claws and a rapid healing factor Wolverine
0%
Amazon warrior princess with a magic lasso of truth Wonder Woman
0%
Laughing red-headed bird who annoys everyone Woody Woodpecker
0%
Hot-tempered animated cowboy with giant mustache and guns Yosemite Sam
0%
King of the gods of Olympus who hurls thunderbolts from the sky Zeus
0%
No matching quizzes found
Score Distribution
Percent of People with Each Score
Percentile by Number Answered
Your Score History
You have not taken this quiz since the last reset